Top 10 des sports les plus populaires au monde. - Statistiques

Statistiques générales
  • Ce quiz a été pris 1 370 fois
  • Le résultat moyen est 2 sur 10
Statistiques - réponses
Hint Réponse % Correct
1 Soccer ou football
82%
10 golf
37%
3 Tennis
28%
6 Basket-ball
25%
9 Le rugby
25%
7 Base-ball
11%
8 Le hockey
10%
4 Volley-ball
9%
5 Tennis de table
4%
2 Hockey sur gazon
2%
Aucun quiz correspondant
Distribution des résultats
% des personnes avec chaque résultat
Percentile par nombre de réponses
Votre historique - résultats
Vous n’avez pas pris ce quiz